000 00330nam a22001217a 4500
999 _c4580
_d4580
008 250304b ||||| |||| 00| 0 eng d
020 _a9781846169885
082 _aFIC BLA
100 _aBLADE,ADAM
_eAUTHOR
245 _aBEAST QUEST
_bTHE GOLDEN ARMOUR
260 _a338 EUSTON ROAD,LONDON NW1 3BH
_bORCHARD BOOKS
_c2008
942 _2ddc